000 00618nam a2200205Ia 4500
001 14961
003 GE_BSU
008 181216s||||||||xx |||||||||||||| ||und||
040 _cGE_BSU
080 _a517.77
100 _aБляшке, В.
245 _aВведение в дифференциальную геометрию
245 _cПод ред. А.П.Нордена. Пер. с нем.А.П.Широкова
260 _aМосква
260 _bГостехиздат
260 _c1957
300 _a223стр.20см.
653 _aВведение в геометрию тканей.
942 _cBK
999 _c48081
_d48081